Asourcebook of the criminal law of Africa: cases,statutes and Materials

Enregistré dans:
Détails bibliographiques
Auteur principal: Seidman,Robert B.
Format: Livre
Publié: London : Sweet and Maxwell. ; c 1966.
Sujets:
Tags: Ajouter un tag
Pas de tags, Soyez le premier à ajouter un tag!

MARC

LEADER 00000cam a22000004a 4500
005 20251006123427.0
020 |a N/A  |c TZS.8,000/= 
040 |a MCCL  |b eng.  |e AACR 2nd rev.ed. 
082 |a 343.096 SEI 
100 |a Seidman,Robert B. 
245 1 0 |a Asourcebook of the criminal law of Africa:  |b cases,statutes and Materials  |c / Seidman,Robert B. 
260 |a London :  |b Sweet and Maxwell. ;  |c c 1966. 
300 |a xl,647 p. :  |c 21 cm. 
504 |a Includes index. 
650 0 |a Punishment 
650 0 |a Legality 
650 0 |a Morality 
700 |a Seidman,Robert B. 
942 |c BK 
999 |c 12075  |d 12075